000
00416nam a22001817a 4500
003
MPLRDC
005
20220104114558.0
008
210129b ||||| |||| 00| 0 eng d
082
_a
857.7 ZWL
100
_a
郑万隆
245
_a
纸鸟
_c
250
_a
一版一刷
260
_a
_b
中国青年出版社
_c
1990
300
_b
平
490
_a
小说丛书
650
_a
长篇小说
942
_c
BK
_o
857.7 ZWL
999
_c
8587
_d
8577